Dracula : authoritative text contexts reviews and reactions dramatic and film variations criticism (Record no. 22264)
[ view plain ]
| 000 -LEADER | |
|---|---|
| fixed length control field | 00614nam a2200181Ia 4500 |
| 005 - DATE AND TIME OF LATEST TRANSACTION | |
| control field | 20260216155939.0 |
| 008 - FIXED-LENGTH DATA ELEMENTS--GENERAL INFORMATION | |
| fixed length control field | 231207s9999 xx 000 0 und d |
| 020 ## - INTERNATIONAL STANDARD BOOK NUMBER | |
| International Standard Book Number | 9780393970128 |
| 040 ## - CATALOGING SOURCE | |
| Transcribing agency | PK-LaNCA |
| 082 ## - DEWEY DECIMAL CLASSIFICATION NUMBER | |
| Classification number | FTV 823 |
| Item number | STO |
| 100 ## - MAIN ENTRY--PERSONAL NAME | |
| Author Name | Stoker, Bram |
| 245 #0 - TITLE STATEMENT | |
| Title | Dracula : authoritative text contexts reviews and reactions dramatic and film variations criticism |
| 260 ## - PUBLICATION, DISTRIBUTION, ETC. | |
| Name of publisher, distributor, etc. | W. W. Norton & Company |
| Place of publication, distribution, etc. | New York |
| Date of publication, distribution, etc. | 1997 |
| 300 ## - PHYSICAL DESCRIPTION | |
| Pages | xiv, 488p |
| 546 ## - LANGUAGE NOTE | |
| Language note | English |
| 650 ## - SUBJECT ADDED ENTRY--TOPICAL TERM | |
| Subject | English fiction. Horror tales, english--History and criticism. Dracula, Count(Fictitious chracter|). FTV. |
| 942 ## - ADDED ENTRY ELEMENTS (KOHA) | |
| Koha item type | Film & TV |
| 999 ## - | |
| -- | 22264 |
| -- | 22264 |
| Withdrawn status | Weedout from Library | Permanent Location | Current Location | Shelving location | Date acquired | Full call number | Barcode | Price effective from | Koha item type |
|---|---|---|---|---|---|---|---|---|---|
| NATIONAL COLLEGE OF ARTS, LAHORE - LIBRARY | NATIONAL COLLEGE OF ARTS, LAHORE - LIBRARY | Film & TV Section Basement of Library | 08/12/2023 | FTV 823 STO 26554 | 26554 | 08/12/2023 | Film & TV |